Multiple Choice City Quiz - Raleigh - Statistics

General Stats
  • This quiz has been taken 12 times
  • The average score is 7 of 10
Answer Stats
Question Answer % Correct
Raleigh is the easternmost corner of this triangle. Research Triangle
90%
What is Raleigh's largest suburb? (Not including Durham) Cary
80%
Which University is located in Raleigh? NC State
80%
What is the tallest building? PNC Plaza
80%
What county is Raleigh in? Wake
80%
Who/What is Raleigh named after? An English soldier and explorer
70%
Which Interstate passes through Raleigh, just south of the downtown? I-40
70%
As of 2025, which one of these is closest to Raleigh's population? 500,000
60%
Raleigh is the second-largest city in North Carolina, after Charlotte. What is the 3rd biggest? Greensboro
50%
What is the name of Raleigh's main business district? Fayetteville Street
40%
No matching quizzes found
Score Distribution
Percent of People with Each Score
Percentile by Number Answered
Your Score History
You have not taken this quiz